Douceur du samedi (Record no. 110269)

MARC details
000 -LEADER
campo de control de longitud fija 00601nam a2200157 4500
001 - NÚMERO DE CONTROL
campo de control 110269
003 - IDENTIFICADOR DE NÚMERO DE CONTROL
campo de control ES-MaACL
005 - FECHA Y HORA DE LA ÚLTIMA TRANSACCIÓN
campo de control 20230906185020.0
007 - CAMPO FIJO DE DESCRIPCIÓN FÍSICA--INFORMACIÓN GENERAL
campo de control de longitud fija t|
008 - DATOS DE LONGITUD FIJA--INFORMACIÓN GENERAL
campo de control de longitud fija 061121s1951 is r ||||1| fre d
100 1# - ENTRADA PRINCIPAL--NOMBRE DE PERSONA
Nombre de persona Molho, Issac R.
9 (RLIN) 81869
245 10 - MENCIÓN DEL TÍTULO
Título Douceur du samedi
Resto del título : Oneg Shabbat: causeries hebdomadaires sur le Pentateuque pour la jeneusse et le foyer /
Mención de responsabilidad, etc. Isaac R. Molho; emmission radio-diffusees de Kol Sion Lagola, Jerusalem 5711-1951.
260 ## - PUBLICACIÓN, DISTRIBUCIÓN, ETC.
Lugar de publicación, distribución, etc. Jerusalem :
Nombre del editor, distribuidor, etc. [s. n.],
Fecha de publicación, distribución, etc. 1951 (
Fabricante Imp. Ahva)
300 ## - DESCRIPCIÓN FÍSICA
Extensión 88 p. :
Otras características físicas il.= retr. aut. ;
Dimensiones 16 cm.
852 ## - LOCALIZACIÓN
Ubicación ES-MaACL
Número de control de estantería C-21773
Sublocalización o colección R.49964
Holdings
Estatus retirado Estado de pérdida Estado de daño No para préstamo Biblioteca de origen Biblioteca actual Ubicación en estantería Fecha de adquisición Fuente de adquisición Total de préstamos Signatura topográfica completa Código de barras Visto por última vez Precio de reemplazo Tipo de ítem Koha
        Biblioteca del Ateneo de Madrid Biblioteca del Ateneo de Madrid Galería 17/01/2008     C-21773 1115042 23/02/2023 23/02/2023 Libro impreso